000 00460nam a2200181Ia 4500
005 20230629113730.0
008 131103s9999 xx 000 0 und d
040 _aLoreto College
041 _aEnglish
082 _a943.086
_bTRE
100 _aTrevor - Roper,H.R.
245 4 _aThe Last days of Hitler
_cH.R.Trevor - Roper
260 _aLondon
_bPan Books Ltd.
_c1962
300 _a286 p.
650 _aHistory - Hitler
850 _aLCLIB
942 _cBK
999 _c19123
_d69602